000 00353nam a22001217a 4500
008 181126b xxu||||| |||| 00| 0 eng d
041 _aeng
080 _a043.3
100 _a0
101 _aBTH-MBE
245 _aRoli i menaxhimit të Operacioneve dhe Logjistikës në menaxhimin e sektorik teknologjik Rast Studimi: Formon
_cHadri,D
942 _2udc
_cBK
999 _c52528
_d52528